Statistics for Swedish Cities - Picture Quiz

Click here to take the quiz!

General Stats

  • This quiz has been taken 93 times
  • The average score is 5 of 12

Answer Stats

Answer% Correct
Stockholm
100%
Göteborg
66%
Uppsala
51%
Lund
41%
Malmö
41%
Norrköping
40%
Visby
36%
Helsingborg
31%
Linköping
22%
Umeå
14%
Ystad
12%
Falun
5%

Score Distribution

Percentile by Number Answered

Percent of People with Each Score

Your Score History

You have not taken this quiz